El modelo propio : (Registro nro. 5642)

Detalles MARC
000 -LEADER
fixed length control field 01109nam a2200265Ia 4500
003 - CONTROL NUMBER IDENTIFIER
control field OSt
005 - DATE AND TIME OF LATEST TRANSACTION
control field 20201207162601.0
008 - FIXED-LENGTH DATA ELEMENTS--GENERAL INFORMATION
fixed length control field 191128s2013 ck fr 000 0 spa d
020 ## - INTERNATIONAL STANDARD BOOK NUMBER
International Standard Book Number 9789588726083
040 ## - CATALOGING SOURCE
Original cataloging agency CO-JMCR
Transcribing agency CO-JMCR
041 0# - LANGUAGE CODE
Language code of text/sound track or separate title spa
082 04 - DEWEY DECIMAL CLASSIFICATION NUMBER
Classification number 330.01 /
Item number S246m
Edition number 23
100 1# - MAIN ENTRY--PERSONAL NAME
Personal name Sarmiento Palacio, Eduardo,
Relator term autor
9 (RLIN) 945
245 13 - TITLE STATEMENT
Title El modelo propio :
Remainder of title teorías económicas e instrumentos /
Statement of responsibility, etc. Eduardo Sarmiento Palacio
250 ## - EDITION STATEMENT
Edition statement Segunda edición
260 ## - PUBLICATION, DISTRIBUTION, ETC.
Place of publication, distribution, etc. Bogotá :
Name of publisher, distributor, etc. Escuela Colombiana de Ingeniería,
Date of publication, distribution, etc. 2013
300 ## - PHYSICAL DESCRIPTION
Extent xxii, 456 páginas :
Other physical details gráficos a blanco y negro ;
Dimensions 23 cm.
490 0# - SERIES STATEMENT
Series statement Colección de economía
504 ## - BIBLIOGRAPHY, ETC. NOTE
Bibliography, etc. note Bibliografía: páginas 451-456
505 0# - FORMATTED CONTENTS NOTE
Formatted contents note La ley de Say -- Demanda efectiva y mercado monetario -- Apertura e integración -- Industria y agricultura -- Hacia una nueva teoría del comercio internacional -- Replanteamiento del crecimiento económico
650 14 - SUBJECT ADDED ENTRY--TOPICAL TERM
Topical term or geographic name entry element Macroeconomía
General subdivision Crecimiento económico
9 (RLIN) 946
650 24 - SUBJECT ADDED ENTRY--TOPICAL TERM
Topical term or geographic name entry element Economía
Geographic subdivision Colombia
9 (RLIN) 947
650 24 - SUBJECT ADDED ENTRY--TOPICAL TERM
Topical term or geographic name entry element Modelos económicos
General subdivision teoría económica
9 (RLIN) 948
942 ## - ADDED ENTRY ELEMENTS (KOHA)
Source of classification or shelving scheme Dewey Decimal Classification
Koha item type Books
Existencias
Withdrawn status Lost status Source of classification or shelving scheme Damaged status Not for loan Home library Current library Date acquired Source of acquisition Cost, normal purchase price Total Checkouts Total Renewals Full call number Barcode Date last seen Date last checked out Copy number Koha item type
    Dewey Decimal Classification     Biblioteca Pública José María del Castillo y Rada Biblioteca Pública José María del Castillo y Rada 04/15/2018 Donación 0.00 1 2 330.01 / S246m 430002725 11/10/2025 10/03/2025 Ej.1 Books